Leader xxxxxxxxxx
001 __ PCLIS00024935
005 __ 20211025095220.0
010 0_ |a957-558-293-4|b平裝|dNT$120
100 __ |a20000906d1991 d y0chiy09 e
101 1_ |achi|ceng
102 __ |atw
105 __ |aa z 000ay
200 1_ |a湯姆歷險記|f馬克.吐溫(Mark Twain)原著|g顏雲改寫|g徐沛源繪圖
205 __ |a初版
210 __ |a臺北市|c大千文化|d民80[1991]
215 0_ |a284面|c圖|d22公分
225 1_ |a世界文學全集|i注音版|v5
300 __ |a國語注音
681 __ |a859.6|b8355 88
700 _0 |a馬克|b吐溫|c(Twain, Mark, 1835-1910)
701 _1 |a顏|b雲|4改寫
702 _1 |a徐|b沛源|4繪
770 _1 |aTwain, Mark|f1835-1910
801 _0 |atw|b內湖高中|c20010622|gCCR
801 _2 |atw|b內湖高中|c20211025|gCCR
|